Discursos serio-iocosos sobre el agua de la vida (Record no. 74350)
[ view plain ]
| 000 -LEADER | |
|---|---|
| campo de control de longitud fija | 00980nam a2200265 i 4500 |
| 001 - NÚMERO DE CONTROL | |
| campo de control | 74350 |
| 003 - IDENTIFICADOR DE NÚMERO DE CONTROL | |
| campo de control | ES-MaACL |
| 005 - FECHA Y HORA DE LA ÚLTIMA TRANSACCIÓN | |
| campo de control | 20251122063117.0 |
| 007 - CAMPO FIJO DE DESCRIPCIÓN FÍSICA--INFORMACIÓN GENERAL | |
| campo de control de longitud fija | t| |
| 008 - DATOS DE LONGITUD FIJA--INFORMACIÓN GENERAL | |
| campo de control de longitud fija | 040917s1959 sp ||||1| spa d |
| 080 ## - NÚMERO DE LA CLASIFICACIÓN DECIMAL UNIVERSAL | |
| Número de la Clasificación Decimal Universal | 61(088.3) |
| 100 1# - ENTRADA PRINCIPAL--NOMBRE DE PERSONA | |
| Nombre de persona | González de Godoy, Pedro de |
| 9 (RLIN) | 58542 |
| 245 10 - MENCIÓN DEL TÍTULO | |
| Título | Discursos serio-iocosos sobre el agua de la vida |
| Resto del título | : (1682) / |
| Mención de responsabilidad, etc. | por Pedro González de Godoy. |
| 260 ## - PUBLICACIÓN, DISTRIBUCIÓN, ETC. | |
| Lugar de publicación, distribución, etc. | Madrid : |
| Nombre del editor, distribuidor, etc. | Sociedad de Bibliófilos Españoles, |
| Fecha de publicación, distribución, etc. | 1959 ( |
| Fabricante | Imp. Ibérica E. Maestre) |
| 300 ## - DESCRIPCIÓN FÍSICA | |
| Extensión | 183 p. ; |
| Dimensiones | 26 cm. |
| 490 1# - MENCIÓN DE SERIE | |
| Mención de serie | Sociedad de Biblióficos Españoles. Tercera época ; |
| Designación de volumen o secuencia | 2 |
| 650 #4 - PUNTO DE ACCESO ADICIONAL DE MATERIA--TÉRMINO DE MATERIA | |
| Término de materia o nombre geográfico como elemento de entrada | Medicina- |
| Subdivisión de forma | Curiosidades. |
| 9 (RLIN) | 148883 |
| 650 #4 - PUNTO DE ACCESO ADICIONAL DE MATERIA--TÉRMINO DE MATERIA | |
| Término de materia o nombre geográfico como elemento de entrada | Medicina- |
| Subdivisión de forma | Obras anteriores a 1800 |
| 9 (RLIN) | 14912 |
| 710 2# - ENTRADA AGREGADA--NOMBRE DE ENTIDAD CORPORATIVA | |
| Nombre de entidad corporativa o nombre de jurisdicción como elemento de entrada | Sociedad de Bibliófilos Españoles. |
| 9 (RLIN) | 6661 |
| 830 1# - PUNTO DE ACCESO ADICIONAL DE SERIE-TÍTULO UNIFORME | |
| Título uniforme | Sociedad de Biblióficos Españoles. Tercera época ; |
| Designación de volumen o secuencia | 2 |
| 9 (RLIN) | 231212 |
| 852 4# - LOCALIZACIÓN | |
| Ubicación | ES-MaACL |
| Número de control de estantería | E-4525 |
| 852 4# - LOCALIZACIÓN | |
| Ubicación | ES-MaACL |
| Número de control de estantería | E-4526 |
| 852 4# - LOCALIZACIÓN | |
| Ubicación | ES-MaACL |
| Número de control de estantería | J-7(III-2) |
| Estatus retirado | Estado de pérdida | Estado de daño | No para préstamo | Biblioteca de origen | Biblioteca actual | Ubicación en estantería | Fecha de adquisición | Fuente de adquisición | Total de préstamos | Signatura topográfica completa | Código de barras | Visto por última vez | Precio de reemplazo | Tipo de ítem Koha |
|---|---|---|---|---|---|---|---|---|---|---|---|---|---|---|
| Biblioteca del Ateneo de Madrid | Biblioteca del Ateneo de Madrid | Depósito 2 | 26/02/2013 | J-7(III-2) | 1190884 | 23/02/2023 | 23/02/2023 | Libro impreso | ||||||
| Biblioteca del Ateneo de Madrid | Biblioteca del Ateneo de Madrid | Depósito 2 | 17/01/2008 | E-4525 | 1077830 | 23/02/2023 | 23/02/2023 | Libro impreso | ||||||
| Biblioteca del Ateneo de Madrid | Biblioteca del Ateneo de Madrid | Depósito 2 | 26/02/2013 | E-4526 | 1190883 | 23/02/2023 | 23/02/2023 | Libro impreso |
